00728nam a2200181Ia 4500100001600000942000700016654001400023245003800037260002300075082001500098300000800113546001200121999001700133952010500150952010500255952009300360952009300453 aKhurmi/R.S  cBK amechanics aTextbook of Engineering mechanics bS.Chand & C0c2005 a620.2bKHU a840 aENGLISH c32599d32599 001040708CRCaCRCEbCRCEd2023-03-17l1o620.2 KHUp15740r2024-01-04s2023-06-12w2023-03-17yBK 001040708CRCaCRCEbCRCEd2023-03-17l1o620.2 KHUp15741r2024-01-04s2023-06-12w2023-03-17yBK 001040708CRCaCRCEbCRCEd2023-03-17l0o620.2 KHUp15742r2023-03-17w2023-03-17yBK 001040708CRCaCRCEbCRCEd2023-03-17l0o620.2 KHUp15743r2023-03-17w2023-03-17yBK